| 000 | 00923nam a22003137a 4500 | ||
|---|---|---|---|
| 003 | CHAP | ||
| 005 | 20220329140740.0 | ||
| 008 | 971013s1961 r 00010 d | ||
| 010 | _a57016 | ||
| 011 | _a57988 | ||
| 035 | _a62143 | ||
| 040 | _cCHAP | ||
| 082 |
_a540 _bS5 1961 |
||
| 100 | 0 | 0 |
_aSisler, Harry H. _9106692 |
| 245 | _aCollege chemistry ; a systematic approach | ||
| 250 | _a2 ed. | ||
| 260 |
_aNew York : _bMacmillan, _c1961 |
||
| 300 |
_a709 p. _b; ilus. |
||
| 590 |
_aBATCH-UPD _b10 _c20130110 _lUCH01 _h1510 |
||
| 590 |
_aBATCH-UPD _b10 _c20130410 _lUCH01 _h0927 |
||
| 590 |
_aBATCH-UPD _b10 _c20130914 _lUCH01 _h1949 |
||
| 590 |
_aCONVERSION _b10 _c20130109 _lUCH01 _h1331 |
||
| 650 | 1 | 4 |
_aQuĂmica. _993552 |
| 700 | 0 |
_aDavidson, Arthur W. _931177 |
|
| 700 | 0 |
_aVanderwerf, Calvin A. _9117875 |
|
| 901 | _aBK | ||
| 942 | _cLIBRO | ||
| 949 |
_a540 S5 1961 _bBC _cLIBRO _d33724000438735 _eLIBRO _h15522 _i62143 _si |
||
| 999 |
_c57016 _d57016 |
||